000 00351nam a2200133 i 4500
001 bg
100 1 _aMAKROSZ, Rudolf
245 0 _aWprowadzenie do mechaniki budowli liniowych zagłębionych w gruncie /
_cRudolf Makrosz.
260 _aWrocław,
_c1985.
040 _cBPK
041 _apol
942 _cKS
008 s pl f |000 0 pol
999 _c28109
_d28109
856 _uhttp://koha.tu.koszalin.pl/cgi-bin/koha/opac-detail.pl?biblionumber=28109
_yKatalog online BPK